Eurovision Song Lyrics - Germany - Statistics

General Stats
  • This quiz has been taken 37 times
  • The average score is 185 of 310
Answer Stats
Answer % Correct
a
100%
the
100%
I
97%
on
92%
am
89%
always
83%
I'm
83%
No
83%
run,
83%
run
83%
Run
83%
but
81%
But
81%
my
81%
do
78%
when
78%
Not
75%
to
75%
and
72%
average
72%
nothing
72%
can't
69%
Can't
69%
free
69%
In
69%
in
69%
so
69%
from
67%
Of
67%
of
67%
this
67%
Who
67%
break
64%
for
64%
Lost
64%
out
64%
be
61%
Close
61%
done,
61%
done
61%
identity
61%
own
61%
anymore
58%
come
58%
fighting
58%
never
58%
one
58%
though
58%
about
56%
gives
56%
special
56%
that
56%
That
56%
Even
53%
Get
53%
head
53%
shit
53%
sick
53%
silence
53%
what's
53%
What's
53%
is
50%
some
50%
soon
50%
tired
47%
up
47%
mind
44%
want
44%
All
42%
it's
42%
just
42%
know
42%
keep
39%
Screaming
39%
with
39%
won
39%
anything
36%
doing
36%
don't
36%
game
36%
going
36%
refuse
36%
under
36%
like
33%
Like
33%
guidance
31%
privilege
31%
feel
28%
Oh
28%
time
28%
blessing
25%
by
25%
stronger
25%
getting
22%
haunted
19%
deep
14%
fade
14%
gonna
14%
pace
14%
voices
14%
run-un-a-eh,
11%
run-un-a-eh
11%
Run-un-a-eh,
11%
(Run-un-a-eh,
11%
run-un-a-eh)
11%
within
11%
they're
6%
аnymore
0%
thiѕ
0%
No matching quizzes found
Score Distribution
Percent of People with Each Score
Percentile by Number Answered
Your Score History
You have not taken this quiz